000
00262nam a2200109Ia 4500
008
240625s9999 xx 000 0 und d
041
_a
eng
082
_a
658.404 KLO
100
_a
KLOPPENBORG
245
_a
PROJECT MANAGEMENT A CONTEMPORARY APPROA
260
_c
2006
999
_c
35056
_d
35056